<?xml version="1.0" encoding="UTF-8"?>
<record
    xmlns:xsi="http://www.w3.org/2001/XMLSchema-instance"
    xsi:schemaLocation="http://www.loc.gov/MARC21/slim http://www.loc.gov/standards/marcxml/schema/MARC21slim.xsd"
    xmlns="http://www.loc.gov/MARC21/slim">

  <leader>01878nam a22002777a 4500</leader>
  <controlfield tag="003">Uzh_bibl</controlfield>
  <controlfield tag="005">20260123111421.0</controlfield>
  <controlfield tag="008">260123b        |||||||| |||| 00| 0 ukr d</controlfield>
  <datafield tag="020" ind1=" " ind2=" ">
    <subfield code="a">966-7127-10-9</subfield>
    <subfield code="c">10.00</subfield>
  </datafield>
  <datafield tag="040" ind1=" " ind2=" ">
    <subfield code="b">&#x443;&#x43A;&#x440;.</subfield>
  </datafield>
  <datafield tag="041" ind1=" " ind2=" ">
    <subfield code="2">ukr</subfield>
    <subfield code="a">ukr</subfield>
  </datafield>
  <datafield tag="080" ind1=" " ind2=" ">
    <subfield code="a">92</subfield>
  </datafield>
  <datafield tag="090" ind1=" " ind2=" ">
    <subfield code="a">92</subfield>
    <subfield code="b">&#x41D; 16</subfield>
  </datafield>
  <datafield tag="100" ind1=" " ind2=" ">
    <subfield code="a">-</subfield>
  </datafield>
  <datafield tag="245" ind1=" " ind2=" ">
    <subfield code="a">&#x41D;&#x430;&#x433;&#x43E;&#x440;&#x43E;&#x434;&#x438; &#x423;&#x43A;&#x440;&#x430;&#x457;&#x43D;&#x438; </subfield>
    <subfield code="b">&#x406;&#x441;&#x442;&#x43E;&#x440;&#x456;&#x44F;, &#x424;&#x430;&#x43A;&#x442;&#x438;, &#x414;&#x43E;&#x43A;&#x443;&#x43C;&#x435;&#x43D;&#x442;&#x438;</subfield>
    <subfield code="h">&#x422;&#x435;&#x43A;&#x441;&#x442;</subfield>
  </datafield>
  <datafield tag="260" ind1=" " ind2=" ">
    <subfield code="a">&#x41A;&#x438;&#x457;&#x432;</subfield>
    <subfield code="b">&#x424;&#x456;&#x440;&#x43C;&#x430; "ARC-Ukraine"</subfield>
    <subfield code="c">1996</subfield>
  </datafield>
  <datafield tag="300" ind1=" " ind2=" ">
    <subfield code="a">344 &#x441;.</subfield>
    <subfield code="b">&#x456;&#x43B;.</subfield>
    <subfield code="f">&#x412; &#x43E;&#x43F;&#x440;.</subfield>
  </datafield>
  <datafield tag="490" ind1=" " ind2=" ">
    <subfield code="v">&#x422;&#x43E;&#x43C; 2</subfield>
  </datafield>
  <datafield tag="520" ind1=" " ind2=" ">
    <subfield code="a">&#x423; &#x434;&#x440;&#x443;&#x433;&#x43E;&#x43C;&#x443; &#x442;&#x43E;&#x43C;&#x456; &#x43C;&#x43E;&#x43D;&#x43E;&#x433;&#x440;&#x430;&#x444;&#x456;&#x457; &#x43F;&#x43E;&#x434;&#x430;&#x43D;&#x43E; &#x456;&#x441;&#x442;&#x43E;&#x440;&#x438;&#x447;&#x43D;&#x456; &#x43D;&#x430;&#x440;&#x438;&#x441;&#x438; &#x442;&#x430; &#x434;&#x43E;&#x43A;&#x443;&#x43C;&#x435;&#x43D;&#x442;&#x430;&#x43B;&#x44C;&#x43D;&#x456; &#x434;&#x436;&#x435;&#x440;&#x435;&#x43B;&#x430;, &#x449;&#x43E; &#x440;&#x43E;&#x437;&#x43A;&#x440;&#x438;&#x432;&#x430;&#x44E;&#x442;&#x44C; &#x440;&#x43E;&#x437;&#x432;&#x438;&#x442;&#x43E;&#x43A; &#x43D;&#x430;&#x433;&#x43E;&#x440;&#x43E;&#x434;&#x43D;&#x43E;&#x457; &#x441;&#x43F;&#x440;&#x430;&#x432;&#x438; &#x432; &#x423;&#x43A;&#x440;&#x430;&#x457;&#x43D;&#x441;&#x44C;&#x43A;&#x456;&#x439; &#x420;&#x421;&#x420; &#x437;&#x430; 1921-1991 &#x440;&#x43E;&#x43A;&#x438;.
&#x417;&#x43D;&#x430;&#x447;&#x43D;&#x443; &#x443;&#x432;&#x430;&#x433;&#x443; &#x43F;&#x440;&#x438;&#x434;&#x456;&#x43B;&#x435;&#x43D;&#x43E; &#x456;&#x441;&#x442;&#x43E;&#x440;&#x456;&#x457; &#x432;&#x441;&#x442;&#x430;&#x43D;&#x43E;&#x432;&#x43B;&#x435;&#x43D;&#x43D;&#x44F; &#x439; &#x444;&#x443;&#x43D;&#x43A;&#x446;&#x456;&#x43E;&#x43D;&#x443;&#x432;&#x430;&#x43D;&#x43D;&#x44F; &#x434;&#x435;&#x440;&#x436;&#x430;&#x432;&#x43D;&#x438;&#x445; &#x43D;&#x430;&#x433;&#x43E;&#x440;&#x43E;&#x434; &#x423;&#x43A;&#x440;&#x430;&#x457;&#x43D;&#x441;&#x44C;&#x43A;&#x43E;&#x457; &#x420;&#x421;&#x420; &#x2014; &#x43E;&#x440;&#x434;&#x435;&#x43D;&#x430; &#x422;&#x440;&#x443;&#x434;&#x43E;&#x432;&#x43E;&#x433;&#x43E; &#x427;&#x435;&#x440;&#x432;&#x43E;&#x43D;&#x43E;&#x433;&#x43E;
&#x41F;&#x440;&#x430;&#x43F;&#x43E;&#x440;&#x430; &#x423;&#x421;&#x420;&#x420;, &#x456;&#x43D;&#x441;&#x442;&#x438;&#x442;&#x443;&#x442;&#x443; &#x43F;&#x43E;&#x447;&#x435;&#x441;&#x43D;&#x438;&#x445; &#x437;&#x432;&#x430;&#x43D;&#x44C; &#x423;&#x420;&#x421;&#x420;, &#x41F;&#x43E;&#x447;&#x435;&#x441;&#x43D;&#x43E;&#x457; &#x413;&#x440;&#x430;&#x43C;&#x43E;&#x442;&#x438; &#x442;&#x430; &#x413;&#x440;&#x430;&#x43C;&#x43E;&#x442;&#x438; &#x41F;&#x440;&#x435;&#x437;&#x438;&#x434;&#x456;&#x457; &#x412;&#x435;&#x440;&#x445;&#x43E;&#x432;&#x43D;&#x43E;&#x457; &#x420;&#x430;&#x434;&#x438; &#x423;&#x420;&#x421;&#x420;, &#x441;&#x43F;&#x440;&#x43E;&#x431;&#x430;&#x43C; &#x432;&#x441;&#x442;&#x430;&#x43D;&#x43E;&#x432;&#x43B;&#x435;&#x43D;&#x43D;&#x44F; &#x432;&#x43B;&#x430;&#x441;&#x43D;&#x438;&#x445; &#x43D;&#x430;&#x433;&#x43E;&#x440;&#x43E;&#x434; &#x420;&#x430;&#x434;&#x44F;&#x43D;&#x441;&#x44C;&#x43A;&#x43E;&#x457; &#x423;&#x43A;&#x440;&#x430;&#x457;&#x43D;&#x438; &#x432; 1944 &#x442;&#x430; 1967 &#x440;&#x43E;&#x43A;&#x430;&#x445;.</subfield>
  </datafield>
  <datafield tag="521" ind1=" " ind2=" ">
    <subfield code="a">&#x414;&#x43B;&#x44F; &#x448;&#x438;&#x440;&#x43E;&#x43A;&#x43E;&#x433;&#x43E; &#x43A;&#x43E;&#x43B;&#x430; &#x447;&#x438;&#x442;&#x430;&#x447;&#x456;&#x432;.</subfield>
  </datafield>
  <datafield tag="546" ind1=" " ind2=" ">
    <subfield code="a">&#x443;&#x43A;&#x440;.</subfield>
  </datafield>
  <datafield tag="650" ind1=" " ind2=" ">
    <subfield code="a">&#x41D;&#x430;&#x443;&#x43A;&#x43E;&#x432;&#x435; &#x432;&#x438;&#x434;&#x430;&#x43D;&#x43D;&#x44F;</subfield>
    <subfield code="x">&#x41D;&#x430;&#x443;&#x43A;&#x43E;&#x432;&#x435; &#x432;&#x438;&#x434;&#x430;&#x43D;&#x43D;&#x44F;</subfield>
  </datafield>
  <datafield tag="653" ind1=" " ind2=" ">
    <subfield code="a">&#x41E;&#x440;&#x434;&#x435;&#x43D; &#x422;&#x440;&#x443;&#x434;&#x43E;&#x432;&#x43E;&#x433;&#x43E; &#x427;&#x435;&#x440;&#x432;&#x43E;&#x43D;&#x43E;&#x433;&#x43E; &#x41F;&#x440;&#x430;&#x43F;&#x43E;&#x440;&#x430; &#x423;&#x43A;&#x440;&#x430;&#x457;&#x43D;&#x441;&#x44C;&#x43A;&#x456; &#x421;&#x420;&#x420;. 1921-1933 &#x440;&#x440;.</subfield>
    <subfield code="a">&#x412;&#x438;&#x43D;&#x438;&#x43A;&#x43D;&#x435;&#x43D;&#x43D;&#x44F; &#x456; &#x441;&#x442;&#x430;&#x43D;&#x43E;&#x432;&#x43B;&#x435;&#x43D;&#x43D;&#x44F; &#x43D;&#x430;&#x433;&#x43E;&#x440;&#x43E;&#x434;&#x43D;&#x43E;&#x457; &#x441;&#x438;&#x441;&#x442;&#x435;&#x43C;&#x438; &#x440;&#x430;&#x434;&#x44F;&#x43D;&#x441;&#x44C;&#x43A;&#x43E;&#x457; &#x434;&#x43E;&#x431;&#x438;.</subfield>
  </datafield>
  <datafield tag="655" ind1=" " ind2=" ">
    <subfield code="a">&#x41D;&#x430;&#x443;&#x43A;&#x43E;&#x432;&#x430; &#x43B;&#x456;&#x442;&#x435;&#x440;&#x430;&#x442;&#x443;&#x440;&#x430;</subfield>
  </datafield>
  <datafield tag="942" ind1=" " ind2=" ">
    <subfield code="2">udc</subfield>
    <subfield code="c">BK</subfield>
  </datafield>
  <datafield tag="999" ind1=" " ind2=" ">
    <subfield code="c">16577</subfield>
    <subfield code="d">16577</subfield>
  </datafield>
  <datafield tag="952" ind1=" " ind2=" ">
    <subfield code="0">0</subfield>
    <subfield code="1">0</subfield>
    <subfield code="2">udc</subfield>
    <subfield code="4">0</subfield>
    <subfield code="7">0</subfield>
    <subfield code="a">F2</subfield>
    <subfield code="b">F2</subfield>
    <subfield code="c">ABP</subfield>
    <subfield code="d">2026-01-23</subfield>
    <subfield code="i">52696</subfield>
    <subfield code="l">0</subfield>
    <subfield code="o">92</subfield>
    <subfield code="p">18653</subfield>
    <subfield code="r">2026-01-23</subfield>
    <subfield code="w">2026-01-23</subfield>
    <subfield code="y">BK</subfield>
  </datafield>
</record>
